000 00810cam a2200277 4500500
005 20260412000131.0
041 _afre
042 _adc
100 1 0 _aOriggi, Gloria
_eauthor
700 1 0 _aRiquier, Camille
_eauthor
700 1 0 _aEnjalbert, Cédric
_eauthor
245 0 0 _aGloria Origgi-Camille Riquier : à tort et à raison !
260 _c2024.
500 _a42
690 _aArguments
690 _aCamille Riquier
690 _aComplotisme
690 _aConviction
690 _aCroyance
690 _aFoi
690 _aGloria Origgi
690 _aPostvérité
690 _aVérité
786 0 _nPhilosophie magazine | 180 | 6 | 2024-06-01 | p. 37-39 | 1951-1787
856 4 1 _uhttps://shs.cairn.info/magazine-philosophie-magazine-2024-6-page-37?lang=fr&redirect-ssocas=7080
999 _c2209373
_d2209373